000 00997aaa a2200253 a 4500
001 77991
003 BD-RjUL
005 20211209083056.0
008 210227s2007 su ||||| |||| 00| 0 a d
035 _a(BD-RjUL)78217
040 _aBD-RjUL
_beng
_cBD-RjUL
041 _aara
082 _223
_a297.8042
_bSAF 2007
100 _aصلابي علي محمد محمد ;; salabi, Ali Muhammad Muhammad
_d1963
_9245122
245 _aفكر الخوارج والشيعة في ميزان أهل السنةّ والجماعة ;; fikr al khawarij wal shiyeat fi mizan 'ahl al sunntt wal jamat /
_cعلى محمد محمد الصلابى ;; Ali Muhammad Muhammad Al-Salabi
264 _aالقاهرة :
_bدار ابن الجوزي ,
_c2007
300 _a368 p. ;
_c24 cm
650 _aKharijites
_9100827
650 _aShīʻah
_9245342
650 _aShiites
_vDoctrinal and controversial works.
_9245343
650 _aSunnites
_9245344
650 _aInterfaith relations
_9223971
942 _2ddc
_cBK
999 _c77991
_d77991